000 00431nam a2200169Ia 4500
003 GCL
008 140319s9999 xx 000 0 eng d
040 _aGCL /
_cGCL
082 0 4 _a920.7
_bA T
100 1 _aAL-AZMEH, AZIZ
245 1 0 _aCANCEL /
_cAL-AZMEH, AZIZ
260 _a[S.N] :
_bTHE AMERICAN UNIVERSITY IN CAIRO PRESS ،
_c1993
300 _a176 P P
650 0 4 _aIBN KHALDUN
650 0 4 _aBIOGRAPHIES
942 _2ddc
_cBK
999 _c16771
_d16771